Statistics for F1 Random Year World Champions

Click here to take the quiz!

General Stats

  • This quiz has been taken 206 times
    (205 since last reset)
  • The average score is 18 of 20

Answer Stats

HintAnswer% Correct
2014Lewis Hamilton
100%
1955Juan Manuel Fangio
97%
2012Sebastian Vettel
97%
1994Michael Schumacher
96%
2007Kimi Raikkonen
95%
1984Niki Lauda
94%
2009Jensen Button
93%
2021Max Verstappen
92%
1999Mika Hakkinen
91%
1950Giuseppe Farina
89%
1981Nelson Piquet
88%
1961Phil Hill
88%
1953Alberto Ascari
87%
1974Emerson Fittipaldi
85%
1997Jacques Villeneuve
85%
1979Jody Scheckter
83%
1969Jackie Stewart
77%
1970Jochen Rindt
77%
1966Jack Brabham
76%
1967Denny Hulme
72%

Score Distribution

Percentile by Number Answered

Percent of People with Each Score

Your Score History

You have not taken this quiz since the last reset